|
|
|
|
| LEADER |
02429nam a22003973i 4500 |
| 001 |
EBC30686169 |
| 003 |
MiAaPQ |
| 005 |
20231204023231.0 |
| 006 |
m o d | |
| 007 |
cr cnu|||||||| |
| 008 |
231204s1982 xx o ||||0 ger d |
| 020 |
|
|
|a 9783631756072
|q (electronic bk.)
|
| 020 |
|
|
|z 9783820459975
|
| 035 |
|
|
|a (MiAaPQ)EBC30686169
|
| 035 |
|
|
|a (Au-PeEL)EBL30686169
|
| 035 |
|
|
|a (OCoLC)1397569963
|
| 040 |
|
|
|a MiAaPQ
|b eng
|e rda
|e pn
|c MiAaPQ
|d MiAaPQ
|
| 082 |
0 |
|
|a 363.7/056
|
| 100 |
1 |
|
|a Siebert, Horst.
|
| 245 |
1 |
0 |
|a Umweltallokation Im Raum.
|
| 250 |
|
|
|a 1st ed.
|
| 264 |
|
1 |
|a Frankfurt a.M. :
|b Peter Lang GmbH, Internationaler Verlag der Wissenschaften,
|c 1982.
|
| 264 |
|
4 |
|c ©1983.
|
| 300 |
|
|
|a 1 online resource (242 pages)
|
| 336 |
|
|
|a text
|b txt
|2 rdacontent
|
| 337 |
|
|
|a computer
|b c
|2 rdamedia
|
| 338 |
|
|
|a online resource
|b cr
|2 rdacarrier
|
| 490 |
1 |
|
|a Allokation Im Marktwirtschaftlichen System Series ;
|v v.1
|
| 505 |
0 |
|
|a Cover -- Vorwort -- I. Ansätze der praktischen Umweltpolitik -- Horst Siebert: Environmental Policy Instruments. Some Open Questions -- Wolfgang Vogt: Zur Umwelt- und Regionalpolitik in der Bundesrepublik Deutschland, Überlegungen zur Raumplanung, regionalen Förderung und Luftreinhaltepolitik -- II. Bestimmung der anzustrebenden Umweltqualität -- Pierre Dehez: The value of environmental quality -- Ferdi Dudenhöffer, Helga Gebauer: Die Allokation öffentlicher Güter bei Konsumentenmobilität. Eine Anmerkung zum Tiebout-Theorem. -- Ferdi Dudenhöffer: Mehrheitswahl als Instrument regionalisierter Umweltpolitik. Eine allgemeine Gleichgewichtsanalyse. -- III. Regionale Umweltallokation in der Zeit -- Helga Gebauer: Zur intertemporalen regionalen Umweltallokation.
|
| 588 |
|
|
|a Description based on publisher supplied metadata and other sources.
|
| 590 |
|
|
|a Electronic reproduction. Ann Arbor, Michigan : ProQuest Ebook Central, 2023. Available via World Wide Web. Access may be limited to ProQuest Ebook Central affiliated libraries.
|
| 655 |
|
4 |
|a Electronic books.
|
| 776 |
0 |
8 |
|i Print version:
|a Siebert, Horst
|t Umweltallokation Im Raum
|d Frankfurt a.M. : Peter Lang GmbH, Internationaler Verlag der Wissenschaften,c1982
|z 9783820459975
|
| 797 |
2 |
|
|a ProQuest (Firm)
|
| 830 |
|
0 |
|a Allokation Im Marktwirtschaftlichen System Series
|
| 856 |
4 |
0 |
|u https://ebookcentral.proquest.com/lib/matrademy/detail.action?docID=30686169
|z Click to View
|